Las normas fundamentales del trabajo en las zonas francas de exportación /
Zapisane w:
| 1. autor: | |
|---|---|
| Format: | Texto |
| Hasła przedmiotowe: | |
| Etykiety: |
Dodaj etykietę
Nie ma etykietki, Dołącz pierwszą etykiete!
|
MARC
| LEADER | 00000 a a2200000 04500 | ||
|---|---|---|---|
| 001 | 5557 | ||
| 003 | |||
| 040 | |||
| 100 | |a Kwaku Akpokavie, Claude | ||
| 245 | |a Las normas fundamentales del trabajo en las zonas francas de exportación / |c Claude Kwaku Akpokavie | ||
| 650 | |a ZONAS FRANCAS | ||
| 650 | |a DERECHOS DEL TRABAJO | ||
| 773 | |g número 122; páginas 37-42 | ||
| 999 | |c 21295 |d 21295 | ||
